[Event "Campeonatos de Espana Universitarios 20"]
[Site "Universidad de Alicante, Spai"]
[Date "2019.04.10"]
[Round "5.2"]
[White "Sanchez Saez, Francisco"]
[Black "Suarez Uriel, Adrian"]
[Result "1-0"]
[WhiteElo "2332"]
[BlackElo "2397"]
[PlyCount "127"]
[EventDate "2019.??.??"]

1. e4 {[%clk 00:40:07]  [%emt 00:00:36]} 1... d6 {
[%clk 00:37:13]  [%emt 00:02:50]} 2. d4 {[%clk 00:40:07]  [%emt 00:00:04]} 2...
Nf6 {[%clk 00:37:17]} 3. Nc3 {[%clk 00:40:04]} 3... e5 {[%clk 00:37:20]} 4. Nf3
{[%clk 00:39:09]  [%emt 00:00:48]} 4... Nbd7 {[%clk 00:37:23]  [%emt 00:00:15]}
5. g4 {[%clk 00:39:07]} 5... Nxg4 {[%clk 00:37:16]  [%emt 00:00:07]} 6. Rg1 {
[%clk 00:39:09]  [%emt 00:00:37]} 6... exd4 {[%clk 00:37:20]} 7. Nxd4 {
[%clk 00:36:34]  [%emt 00:02:08]} 7... Nde5 {[%clk 00:37:18]  [%emt 00:00:07]}
8. h3 {[%clk 00:35:48]  [%emt 00:00:55]} 8... Nh6 {
[%clk 00:36:36]  [%emt 00:00:40]} 9. Bg5 {[%clk 00:35:17]  [%emt 00:01:02]}
9... Be7 {[%clk 00:35:37]  [%emt 00:00:39]} 10. f4 {
[%clk 00:35:09]  [%emt 00:00:13]} 10... Bxg5 {[%clk 00:35:30]  [%emt 00:00:15]}
11. Rxg5 {[%clk 00:33:26]  [%emt 00:01:45]} 11... Ng6 {
[%clk 00:35:24]  [%emt 00:00:14]} 12. Qd2 {[%clk 00:32:03]  [%emt 00:01:24]}
12... c6 {[%clk 00:27:52]  [%emt 00:07:37]} 13. O-O-O {
[%clk 00:31:13]  [%emt 00:00:55]} 13... f6 {[%clk 00:26:38]  [%emt 00:01:38]}
14. Rg1 {[%clk 00:30:29]  [%emt 00:00:31]} 14... Qc7 {
[%clk 00:24:40]  [%emt 00:02:02]} 15. Be2 {[%clk 00:29:35]  [%emt 00:00:59]}
15... f5 {[%clk 00:22:39]  [%emt 00:02:07]} 16. Bh5 {
[%clk 00:25:46]  [%emt 00:03:54]} 16... O-O {[%clk 00:21:05]  [%emt 00:01:40]}
17. Bxg6 {[%clk 00:25:00]  [%emt 00:00:53]} 17... hxg6 {
[%clk 00:21:08]  [%emt 00:00:23]} 18. Rxg6 {[%clk 00:25:02]} 18... fxe4 {
[%clk 00:20:31]  [%emt 00:00:25]} 19. Rdg1 {[%clk 00:24:54]  [%emt 00:00:08]}
19... d5 {[%clk 00:20:04]  [%emt 00:00:36]} 20. Rxh6 {
[%clk 00:23:24]  [%emt 00:01:31]} 20... Qxf4 {[%clk 00:20:08]  [%emt 00:00:41]}
21. Rhg6 {[%clk 00:22:28]  [%emt 00:00:24]} 21... Qxd2+ {
[%clk 00:20:11]  [%emt 00:00:04]} 22. Kxd2 {[%clk 00:22:31]} 22... Rf7 {
[%clk 00:20:16]} 23. h4 {[%clk 00:21:59]  [%emt 00:00:35]} 23... Bd7 {
[%clk 00:20:20]} 24. h5 {[%clk 00:21:30]  [%emt 00:00:35]} 24... Kh7 {
[%clk 00:20:21]  [%emt 00:00:15]} 25. b4 {[%clk 00:18:25]  [%emt 00:02:59]}
25... Re8 {[%clk 00:20:03]  [%emt 00:00:25]} 26. Ke3 {
[%clk 00:17:44]  [%emt 00:00:43]} 26... Ree7 {[%clk 00:18:04]  [%emt 00:02:04]}
27. Rd6 {[%clk 00:17:09]  [%emt 00:00:43]} 27... Re5 {
[%clk 00:17:50]  [%emt 00:00:16]} 28. h6 {[%clk 00:15:16]  [%emt 00:01:58]}
28... gxh6 {[%clk 00:17:50]  [%emt 00:00:10]} 29. Nce2 {
[%clk 00:14:01]  [%emt 00:01:18]} 29... Rg5 {[%clk 00:14:36]  [%emt 00:03:19]}
30. Rxg5 {[%clk 00:13:54]  [%emt 00:00:08]} 30... hxg5 {
[%clk 00:14:39]  [%emt 00:00:41]} 31. Ng3 {[%clk 00:13:58]} 31... Bg4 {
[%clk 00:14:08]  [%emt 00:00:04]} 32. c4 {[%clk 00:13:13]  [%emt 00:00:45]}
32... dxc4 {[%clk 00:14:12]  [%emt 00:00:17]} 33. Nxe4 {
[%clk 00:12:16]  [%emt 00:01:32]} 33... Re7 {[%clk 00:14:16]} 34. Nf3 {
[%clk 00:11:45]} 34... c3 {[%clk 00:12:18]  [%emt 00:01:55]} 35. Nfxg5+ {
[%clk 00:10:42]  [%emt 00:01:07]} 35... Kg7 {[%clk 00:12:23]} 36. Kd3 {
[%clk 00:09:14]  [%emt 00:01:35]} 36... Bf5 {[%clk 00:11:29]  [%emt 00:00:58]}
37. Rd4 {[%clk 00:08:58]  [%emt 00:00:23]} 37... Kg6 {
[%clk 00:08:31]  [%emt 00:03:02]} 38. Kxc3 {[%clk 00:08:41]  [%emt 00:00:22]}
38... Kh5 {[%clk 00:08:34]  [%emt 00:00:15]} 39. Kd2 {
[%clk 00:06:51]  [%emt 00:01:45]} 39... Kg4 {[%clk 00:08:12]  [%emt 00:00:23]}
40. Ke3 {[%clk 00:06:12]  [%emt 00:00:43]} 40... Bg6 {
[%clk 00:06:36]  [%emt 00:01:51]} 41. Rd1 {[%clk 00:05:45]  [%emt 00:01:00]}
41... Bxe4 {[%clk 00:06:32]} 42. Nxe4 {[%clk 00:05:45]} 42... Kf5 {
[%clk 00:06:37]  [%emt 00:00:03]} 43. Rf1+ {[%clk 00:05:46]} 43... Ke5 {
[%clk 00:06:41]} 44. Nc5 {[%clk 00:05:21]  [%emt 00:00:08]} 44... Rh7 {
[%clk 00:06:23]  [%emt 00:00:26]} 45. Nd3+ {[%clk 00:04:55]  [%emt 00:00:31]}
45... Kd5 {[%clk 00:06:10]  [%emt 00:00:25]} 46. Rf5+ {[%clk 00:04:58]} 46...
Kd6 {[%clk 00:06:13]} 47. Kd4 {[%clk 00:04:54]  [%emt 00:00:21]} 47... Rh2 {
[%clk 00:05:19]  [%emt 00:00:46]} 48. a4 {[%clk 00:04:49]  [%emt 00:00:24]}
48... Rh7 {[%clk 00:05:18]} 49. a5 {[%clk 00:04:39]  [%emt 00:00:05]} 49... Kc7
{[%clk 00:04:34]  [%emt 00:00:48]} 50. Nf4 {[%clk 00:03:14]  [%emt 00:01:29]}
50... Rd7+ {[%clk 00:04:04]  [%emt 00:00:36]} 51. Kc4 {
[%clk 00:03:13]  [%emt 00:00:06]} 51... Re7 {[%clk 00:04:08]  [%emt 00:00:12]}
52. Nd3 {[%clk 00:02:51]  [%emt 00:00:46]} 52... Re4+ {[%clk 00:04:08]} 53. Kc3
{[%clk 00:02:54]  [%emt 00:00:03]} 53... Re7 {[%clk 00:04:11]} 54. Rg5 {
[%clk 00:02:51]} 54... Rh7 {[%clk 00:04:09]} 55. Nf4 {
[%clk 00:02:48]  [%emt 00:00:04]} 55... Re7 {[%clk 00:04:00]  [%emt 00:00:08]}
56. Rg7 {[%clk 00:02:44]  [%emt 00:00:35]} 56... Rxg7 {[%clk 00:03:50]} 57.
Ne6+ {[%clk 00:02:48]} 57... Kd6 {[%clk 00:03:54]} 58. Nxg7 {
[%clk 00:02:52]  [%emt 00:00:04]} 58... b6 {[%clk 00:03:30]  [%emt 00:00:29]}
59. a6 {[%clk 00:02:41]  [%emt 00:00:08]} 59... b5 {
[%clk 00:03:29]  [%emt 00:00:12]} 60. Kd4 {[%clk 00:02:29]  [%emt 00:00:06]}
60... c5+ {[%clk 00:03:14]  [%emt 00:00:21]} 61. bxc5+ {
[%clk 00:02:28]  [%emt 00:00:06]} 61... Kc6 {[%clk 00:03:18]} 62. Ne6 {
[%clk 00:02:18]  [%emt 00:00:16]} 62... b4 {[%clk 00:03:18]  [%emt 00:00:33]}
63. Kc4 {[%clk 00:02:11]  [%emt 00:00:03]} 63... b3 {[%clk 00:03:22]} 64. Nd4+
{[%clk 00:02:08]} 1-0

[Event "Campeonatos de Espana Universitarios 20"]
[Site "Universidad de Alicante, Spai"]
[Date "2019.04.10"]
[Round "5.3"]
[White "Bayo Milagro, Alvaro"]
[Black "Ruperez Benito, Antonio"]
[Result "0-1"]
[WhiteElo "2333"]
[BlackElo "2341"]
[PlyCount "84"]
[EventDate "2019.??.??"]

1. c4 {[%clk 00:39:55]  [%emt 00:00:14]} 1... e6 {
[%clk 00:36:15]  [%emt 00:03:57]} 2. Nf3 {[%clk 00:39:52]  [%emt 00:00:25]}
2... d5 {[%clk 00:36:19]} 3. g3 {[%clk 00:39:56]} 3... c5 {[%clk 00:36:23]} 4.
cxd5 {[%clk 00:39:48]  [%emt 00:00:04]} 4... exd5 {[%clk 00:36:26]} 5. d4 {
[%clk 00:39:49]  [%emt 00:00:07]} 5... Nc6 {[%clk 00:36:19]  [%emt 00:00:31]}
6. Bg2 {[%clk 00:39:46]  [%emt 00:00:03]} 6... Nf6 {[%clk 00:36:18]} 7. O-O {
[%clk 00:39:46]} 7... Be7 {[%clk 00:36:15]  [%emt 00:00:03]} 8. dxc5 {
[%clk 00:37:55]  [%emt 00:01:52]} 8... Bxc5 {[%clk 00:34:30]  [%emt 00:01:49]}
9. Nbd2 {[%clk 00:37:10]  [%emt 00:00:51]} 9... O-O {
[%clk 00:33:10]  [%emt 00:01:24]} 10. Nb3 {[%clk 00:37:13]  [%emt 00:00:10]}
10... Bb6 {[%clk 00:33:14]} 11. Qd3 {[%clk 00:31:14]  [%emt 00:05:56]} 11...
Re8 {[%clk 00:31:46]  [%emt 00:01:35]} 12. e3 {[%clk 00:29:25]  [%emt 00:01:56]
} 12... Bg4 {[%clk 00:31:00]  [%emt 00:00:51]} 13. Bd2 {
[%clk 00:27:33]  [%emt 00:01:55]} 13... Ne4 {[%clk 00:26:36]  [%emt 00:04:31]}
14. Bc3 {[%clk 00:26:51]  [%emt 00:00:46]} 14... Nxc3 {
[%clk 00:26:12]  [%emt 00:00:28]} 15. Qxc3 {[%clk 00:26:54]  [%emt 00:00:36]}
15... Rc8 {[%clk 00:26:07]} 16. Qd2 {[%clk 00:26:35]  [%emt 00:00:06]} 16...
Qf6 {[%clk 00:24:04]  [%emt 00:02:03]} 17. Qxd5 {
[%clk 00:23:15]  [%emt 00:03:23]} 17... Qxb2 {[%clk 00:21:20]  [%emt 00:02:52]}
18. Ng5 {[%clk 00:22:31]  [%emt 00:01:07]} 18... Rc7 {
[%clk 00:15:33]  [%emt 00:05:31]} 19. Qd3 {[%clk 00:22:02]  [%emt 00:00:37]}
19... g6 {[%clk 00:15:24]  [%emt 00:00:13]} 20. Qd2 {
[%clk 00:21:50]  [%emt 00:00:42]} 20... Qxd2 {[%clk 00:10:42]  [%emt 00:04:21]}
21. Nxd2 {[%clk 00:21:54]  [%emt 00:00:28]} 21... Rd7 {[%clk 00:10:36]} 22.
Nde4 {[%clk 00:20:59]  [%emt 00:00:44]} 22... Kg7 {
[%clk 00:10:31]  [%emt 00:00:25]} 23. Nc3 {[%clk 00:21:02]} 23... h6 {
[%clk 00:08:34]  [%emt 00:01:49]} 24. Nf3 {[%clk 00:20:45]  [%emt 00:00:22]}
24... a6 {[%clk 00:06:21]  [%emt 00:02:20]} 25. Rab1 {
[%clk 00:20:33]  [%emt 00:00:15]} 25... Ba7 {[%clk 00:06:22]  [%emt 00:00:07]}
26. a4 {[%clk 00:20:12]  [%emt 00:00:23]} 26... Bf5 {
[%clk 00:04:40]  [%emt 00:01:52]} 27. Rb2 {[%clk 00:19:57]  [%emt 00:00:14]}
27... Na5 {[%clk 00:03:53]  [%emt 00:00:52]} 28. Nh4 {
[%clk 00:19:47]  [%emt 00:00:37]} 28... Be6 {[%clk 00:03:28]  [%emt 00:00:09]}
29. Rfb1 {[%clk 00:18:34]  [%emt 00:01:42]} 29... Rc8 {
[%clk 00:03:32]  [%emt 00:00:04]} 30. Ne2 {[%clk 00:17:57]  [%emt 00:00:18]}
30... Rcc7 {[%clk 00:02:42]  [%emt 00:00:52]} 31. Bf3 {
[%clk 00:15:35]  [%emt 00:02:55]} 31... g5 {[%clk 00:02:03]  [%emt 00:00:17]}
32. Ng2 {[%clk 00:14:54]  [%emt 00:00:45]} 32... Nc4 {
[%clk 00:01:26]  [%emt 00:00:42]} 33. Rxb7 {[%clk 00:14:20]  [%emt 00:00:41]}
33... Nd2 {[%clk 00:01:15]  [%emt 00:00:13]} 34. Be4 {
[%clk 00:12:35]  [%emt 00:02:21]} 34... Nxe4 {[%clk 00:01:15]} 35. Rxc7 {
[%clk 00:12:32]  [%emt 00:00:04]} 35... Rxc7 {[%clk 00:01:19]} 36. Ne1 {
[%clk 00:12:26]} 36... Nc3 {[%clk 00:00:48]  [%emt 00:00:27]} 37. Nxc3 {
[%clk 00:12:27]  [%emt 00:00:20]} 37... Rxc3 {[%clk 00:00:53]} 38. Ra1 {
[%clk 00:12:17]  [%emt 00:00:06]} 38... a5 {[%clk 00:00:51]  [%emt 00:00:03]}
39. Nf3 {[%clk 00:12:15]  [%emt 00:00:07]} 39... Rc2 {
[%clk 00:00:43]  [%emt 00:00:15]} 40. Ne5 {[%clk 00:11:45]  [%emt 00:00:30]}
40... Ra2 {[%clk 00:00:31]  [%emt 00:00:17]} 41. Rb1 {
[%clk 00:11:49]  [%emt 00:00:33]} 41... Rxa4 {[%clk 00:00:29]} 42. Nc6 {
[%clk 00:11:53]} 42... Bc5 {[%clk 00:00:30]  [%emt 00:00:04]} 0-1

[Event "Campeonatos de Espana Universitarios 20"]
[Site "Universidad de Alicante, Spai"]
[Date "2019.04.10"]
[Round "5.4"]
[White "Alshameary Puente, Ismael"]
[Black "Balbuena Fuentes, Mario"]
[Result "1-0"]
[WhiteElo "2425"]
[BlackElo "2262"]
[PlyCount "53"]
[EventDate "2019.??.??"]

1. d4 {[%clk 00:40:09]} 1... e6 {[%clk 00:40:02]  [%emt 00:00:11]} 2. c4 {
[%clk 00:40:12]  [%emt 00:00:03]} 2... Nf6 {[%clk 00:39:57]  [%emt 00:00:03]}
3. Nc3 {[%clk 00:40:08]  [%emt 00:00:06]} 3... Bb4 {
[%clk 00:39:47]  [%emt 00:00:15]} 4. e3 {[%clk 00:40:12]  [%emt 00:00:22]} 4...
O-O {[%clk 00:39:40]  [%emt 00:00:10]} 5. Bd3 {[%clk 00:40:15]} 5... d5 {
[%clk 00:39:34]} 6. cxd5 {[%clk 00:40:18]} 6... exd5 {
[%clk 00:39:34]  [%emt 00:00:09]} 7. Nge2 {[%clk 00:40:21]} 7... Re8 {
[%clk 00:39:32]  [%emt 00:00:08]} 8. O-O {[%clk 00:40:23]  [%emt 00:00:04]}
8... Bd6 {[%clk 00:39:33]} 9. Nf4 {[%clk 00:40:27]  [%emt 00:00:04]} 9... c6 {
[%clk 00:38:24]  [%emt 00:01:07]} 10. Kh1 {[%clk 00:40:25]  [%emt 00:00:07]}
10... Nbd7 {[%clk 00:36:57]  [%emt 00:01:33]} 11. f3 {
[%clk 00:40:25]  [%emt 00:00:36]} 11... Bxf4 {[%clk 00:31:52]  [%emt 00:04:41]}
12. exf4 {[%clk 00:40:15]  [%emt 00:00:13]} 12... Nf8 {
[%clk 00:31:53]  [%emt 00:00:11]} 13. f5 {[%clk 00:39:30]  [%emt 00:00:46]}
13... Bd7 {[%clk 00:29:08]  [%emt 00:02:53]} 14. g4 {
[%clk 00:38:49]  [%emt 00:01:04]} 14... Rc8 {[%clk 00:28:17]  [%emt 00:00:33]}
15. Ne2 {[%clk 00:38:26]  [%emt 00:00:26]} 15... c5 {
[%clk 00:27:21]  [%emt 00:01:01]} 16. Ng3 {[%clk 00:38:02]  [%emt 00:00:29]}
16... Bc6 {[%clk 00:26:51]  [%emt 00:00:35]} 17. Bg5 {
[%clk 00:36:04]  [%emt 00:02:05]} 17... h6 {[%clk 00:25:44]  [%emt 00:01:10]}
18. Bf4 {[%clk 00:35:26]  [%emt 00:00:43]} 18... cxd4 {
[%clk 00:24:32]  [%emt 00:01:17]} 19. b4 {[%clk 00:34:37]  [%emt 00:00:56]}
19... Qd7 {[%clk 00:23:13]  [%emt 00:01:23]} 20. a4 {
[%clk 00:33:33]  [%emt 00:01:08]} 20... b6 {[%clk 00:23:08]  [%emt 00:00:27]}
21. Ne2 {[%clk 00:32:36]  [%emt 00:00:45]} 21... g5 {
[%clk 00:18:37]  [%emt 00:04:38]} 22. Bc1 {[%clk 00:30:16]  [%emt 00:02:31]}
22... Re4 {[%clk 00:16:23]  [%emt 00:02:10]} 23. Bb2 {
[%clk 00:25:37]  [%emt 00:04:45]} 23... h5 {[%clk 00:14:27]  [%emt 00:02:02]}
24. Nxd4 {[%clk 00:23:39]  [%emt 00:02:00]} 24... Rf4 {
[%clk 00:13:57]  [%emt 00:00:38]} 25. Nxc6 {[%clk 00:22:17]  [%emt 00:01:27]}
25... Rxc6 {[%clk 00:13:22]  [%emt 00:00:38]} 26. Bb5 {
[%clk 00:20:55]  [%emt 00:01:28]} 26... Rxb4 {[%clk 00:12:44]  [%emt 00:00:43]}
27. Qd2 {[%clk 00:17:54]  [%emt 00:03:06]} 1-0

[Event "Campeonatos de Espana Universitarios 20"]
[Site "Universidad de Alicante, Spai"]
[Date "2019.04.10"]
[Round "5.5"]
[White "Gomez Dieguez, Adrian"]
[Black "Cruz Lledo, Pablo"]
[Result "1-0"]
[WhiteElo "2304"]
[BlackElo "2436"]
[PlyCount "121"]
[EventDate "2019.??.??"]

1. e4 {[%clk 00:37:37]  [%emt 00:03:17]} 1... c6 {[%clk 00:40:09]} 2. Nc3 {
[%clk 00:37:15]} 2... d5 {[%clk 00:40:09]} 3. Nf3 {[%clk 00:37:09]} 3... g6 {
[%clk 00:40:13]  [%emt 00:00:09]} 4. d4 {[%clk 00:37:02]  [%emt 00:00:05]} 4...
Bg7 {[%clk 00:40:15]  [%emt 00:00:05]} 5. Be2 {[%clk 00:36:55]  [%emt 00:00:10]
} 5... Bg4 {[%clk 00:39:59]  [%emt 00:00:22]} 6. Be3 {
[%clk 00:36:42]  [%emt 00:00:21]} 6... Nf6 {[%clk 00:38:50]  [%emt 00:01:11]}
7. h3 {[%clk 00:36:33]  [%emt 00:00:14]} 7... Bxf3 {
[%clk 00:37:59]  [%emt 00:00:56]} 8. Bxf3 {[%clk 00:36:32]  [%emt 00:00:06]}
8... dxe4 {[%clk 00:37:56]  [%emt 00:00:08]} 9. Nxe4 {
[%clk 00:36:33]  [%emt 00:00:04]} 9... Nxe4 {[%clk 00:37:56]  [%emt 00:00:08]}
10. Bxe4 {[%clk 00:36:33]  [%emt 00:00:04]} 10... Nd7 {
[%clk 00:37:56]  [%emt 00:00:05]} 11. Bf3 {[%clk 00:35:28]  [%emt 00:01:07]}
11... O-O {[%clk 00:37:56]  [%emt 00:00:05]} 12. O-O {
[%clk 00:35:26]  [%emt 00:00:14]} 12... Qc7 {[%clk 00:37:41]  [%emt 00:00:12]}
13. c3 {[%clk 00:32:38]  [%emt 00:02:55]} 13... Rad8 {
[%clk 00:37:24]  [%emt 00:00:21]} 14. Qb3 {[%clk 00:32:13]  [%emt 00:00:29]}
14... Kh8 {[%clk 00:36:04]  [%emt 00:01:26]} 15. Rad1 {
[%clk 00:30:19]  [%emt 00:01:59]} 15... e6 {[%clk 00:34:28]  [%emt 00:01:42]}
16. g3 {[%clk 00:30:06]  [%emt 00:00:19]} 16... Nb6 {
[%clk 00:34:10]  [%emt 00:00:21]} 17. c4 {[%clk 00:28:37]  [%emt 00:01:35]}
17... Rd7 {[%clk 00:33:02]  [%emt 00:01:11]} 18. a4 {
[%clk 00:24:47]  [%emt 00:03:56]} 18... Rfd8 {[%clk 00:32:48]  [%emt 00:00:18]}
19. a5 {[%clk 00:24:47]  [%emt 00:00:05]} 19... Nc8 {
[%clk 00:32:36]  [%emt 00:00:18]} 20. d5 {[%clk 00:24:46]  [%emt 00:00:06]}
20... cxd5 {[%clk 00:22:26]  [%emt 00:10:15]} 21. cxd5 {
[%clk 00:24:44]  [%emt 00:00:06]} 21... e5 {[%clk 00:22:27]  [%emt 00:00:07]}
22. Qa4 {[%clk 00:24:25]  [%emt 00:00:21]} 22... Qb8 {
[%clk 00:17:09]  [%emt 00:05:23]} 23. Bg5 {[%clk 00:17:44]  [%emt 00:06:45]}
23... f6 {[%clk 00:17:08]  [%emt 00:00:07]} 24. Bg4 {[%clk 00:17:47]} 24... b5
{[%clk 00:15:46]  [%emt 00:01:28]} 25. Qb4 {[%clk 00:15:39]  [%emt 00:02:13]}
25... fxg5 {[%clk 00:15:29]  [%emt 00:00:23]} 26. Bxd7 {
[%clk 00:15:38]  [%emt 00:00:06]} 26... Rxd7 {[%clk 00:15:33]} 27. Rc1 {
[%clk 00:14:48]  [%emt 00:00:56]} 27... Nd6 {[%clk 00:14:55]  [%emt 00:00:43]}
28. Rc6 {[%clk 00:14:07]  [%emt 00:00:46]} 28... h6 {
[%clk 00:13:48]  [%emt 00:01:11]} 29. Rfc1 {[%clk 00:13:29]  [%emt 00:00:44]}
29... Kh7 {[%clk 00:13:35]  [%emt 00:00:18]} 30. Qg4 {
[%clk 00:13:04]  [%emt 00:00:29]} 30... Nf5 {[%clk 00:11:45]  [%emt 00:01:56]}
31. h4 {[%clk 00:12:53]  [%emt 00:00:16]} 31... Qd8 {
[%clk 00:08:56]  [%emt 00:02:53]} 32. h5 {[%clk 00:12:37]  [%emt 00:00:22]}
32... Nd6 {[%clk 00:06:16]  [%emt 00:02:45]} 33. hxg6+ {
[%clk 00:07:55]  [%emt 00:04:47]} 33... Kxg6 {[%clk 00:06:20]} 34. Qe6+ {
[%clk 00:07:52]  [%emt 00:00:12]} 34... Bf6 {[%clk 00:06:23]} 35. Ra6 {
[%clk 00:07:26]  [%emt 00:00:29]} 35... Nf5 {[%clk 00:00:22]  [%emt 00:06:10]}
36. Rcc6 {[%clk 00:06:38]  [%emt 00:00:49]} 36... Rf7 {[%clk 00:00:27]} 37.
Qxe5 {[%clk 00:05:42]  [%emt 00:01:02]} 37... h5 {
[%clk 00:00:07]  [%emt 00:00:26]} 38. Re6 {[%clk 00:04:28]  [%emt 00:01:18]}
38... g4 {[%clk 00:00:11]} 39. Rad6 {[%clk 00:03:56]  [%emt 00:00:38]} 39...
Qf8 {[%clk 00:00:09]  [%emt 00:00:06]} 40. Qe4 {
[%clk 00:03:52]  [%emt 00:00:09]} 40... Qh6 {[%clk 00:00:09]  [%emt 00:00:05]}
41. Kg2 {[%clk 00:03:45]  [%emt 00:00:12]} 41... Qg5 {
[%clk 00:00:12]  [%emt 00:00:05]} 42. Re5 {[%clk 00:03:31]  [%emt 00:00:16]}
42... Rc7 {[%clk 00:00:07]  [%emt 00:00:10]} 43. Ree6 {
[%clk 00:03:11]  [%emt 00:00:26]} 43... Rf7 {[%clk 00:00:11]} 44. Rd8 {
[%clk 00:03:15]} 44... Kg7 {[%clk 00:00:13]  [%emt 00:00:06]} 45. Rde8 {
[%clk 00:03:09]  [%emt 00:00:10]} 45... h4 {[%clk 00:00:13]  [%emt 00:00:05]}
46. d6 {[%clk 00:02:23]  [%emt 00:00:51]} 46... hxg3 {[%clk 00:00:17]} 47. fxg3
{[%clk 00:01:51]  [%emt 00:00:38]} 47... Qd2+ {[%clk 00:00:16]  [%emt 00:00:05]
} 48. Qe2 {[%clk 00:01:44]  [%emt 00:00:15]} 48... Qd5+ {[%clk 00:00:21]} 49.
Qe4 {[%clk 00:01:42]  [%emt 00:00:05]} 49... Qd2+ {[%clk 00:00:25]} 50. Qe2 {
[%clk 00:01:47]  [%emt 00:00:05]} 50... Qd5+ {[%clk 00:00:29]} 51. Qe4 {
[%clk 00:01:51]} 51... Ne3+ {[%clk 00:00:12]  [%emt 00:00:20]} 52. Kh1 {
[%clk 00:01:23]  [%emt 00:00:35]} 52... Qd1+ {[%clk 00:00:11]  [%emt 00:00:05]}
53. Kh2 {[%clk 00:01:28]} 53... Qe2+ {[%clk 00:00:10]  [%emt 00:00:09]} 54. Kh1
{[%clk 00:01:32]} 54... Qe1+ {[%clk 00:00:11]} 55. Kh2 {
[%clk 00:01:36]  [%emt 00:00:05]} 55... Nf1+ {[%clk 00:00:07]  [%emt 00:00:06]}
56. Kg2 {[%clk 00:01:32]  [%emt 00:00:09]} 56... Ne3+ {[%clk 00:00:11]} 57. Kh2
{[%clk 00:01:37]  [%emt 00:00:06]} 57... Nf1+ {[%clk 00:00:11]  [%emt 00:00:04]
} 58. Kg2 {[%clk 00:01:41]} 58... Ne3+ {[%clk 00:00:08]  [%emt 00:00:04]} 59.
Kh2 {[%clk 00:01:45]} 59... Qf2+ {[%clk 00:00:12]  [%emt 00:00:07]} 60. Kh1 {
[%clk 00:01:50]} 60... Nf5 {[%emt 00:00:06]} 61. Qxg4+ {
[%clk 00:01:52]  [%emt 00:00:10]} 1-0